Young Adult Authors - Statistics

General Stats
  • This quiz has been taken 377 times
    181 since last reset
  • The average score is 15 of 50
Answer Stats
Hint Answer % Correct
Harry Potter and the Goblet of Fire J.K. Rowling
92%
The Fault in Our Stars John Green
81%
The Hunger Games Suzanne Collins
77%
Twilight Stephenie Meyer
76%
Throne of Glass Sarah J. Maas
61%
Divergent Veronica Roth
61%
City of Bones Cassandra Clare
56%
Shadow and Bone Leigh Bardugo
47%
The Book Thief Markus Zusak
47%
The Maze Runner James Dashner
45%
Eleanor and Park Rainbow Rowell
45%
We Were Liars E. Lockhart
37%
The Giver Lois Lowry
37%
Everything, Everything Nicola Yoon
35%
The Golden Compass Philip Pullman
35%
The Hate U Give Angie Thomas
33%
Thirteen Reasons Why Jay Asher
33%
Legend Marie Lu
33%
The Graveyard Book Neil Gaiman
33%
Miss Peregrine's Home for Peculiar Children Ransom Riggs
32%
The Outsiders S.E. Hinton
29%
All the Bright Places Jennifer Niven
28%
The Princess Diaries Meg Cabot
28%
Eragon Christopher Paolini
26%
The Raven Boys Maggie Stiefvater
24%
If I Stay Gayle Forman
23%
Daughter of Smoke and Bone Laini Taylor
23%
A Monster Calls Patrick Ness
22%
Matched Ally Condie
19%
Speak Laurie Halse Anderson
19%
Vampire Academy Richelle Mead
19%
Obsidian Jennifer Armentrout
17%
The Diviners Libba Bray
17%
The 5th Wave Rick Yancey
17%
Uglies Scott Westerfeld
17%
Aristotle and Dante Discover the Secrets of the Universe Benjamin Alire Sáenz
16%
Boy Meets Boy David Levithan
16%
Maximum Ride Forever James Patterson
16%
The Absolutely True Diary of a Part-Time Indian Sherman Alexie
16%
Graceling Kristin Cashore
13%
Winger Andrew Smith
10%
Forever Judy Blume
8%
Unwind Neal Shusterman
8%
The Testing Joelle Charbonneau
7%
ttyl Lauren Myracle
6%
Please Ignore Vera Dietz A.S. King
4%
Whale Talk Chris Crutcher
4%
When I Was the Greatest Jason Reynolds
4%
Darius & Twig Walter Dean Myers
4%
Miracle's Boys Jacqueline Woodson
3%
No matching quizzes found
Score Distribution
Percent of People with Each Score
Percentile by Number Answered
Your Score History
You have not taken this quiz since the last reset